<?xml version="1.0" encoding="UTF-8"?>
<record
    xmlns:xsi="http://www.w3.org/2001/XMLSchema-instance"
    xsi:schemaLocation="http://www.loc.gov/MARC21/slim http://www.loc.gov/standards/marcxml/schema/MARC21slim.xsd"
    xmlns="http://www.loc.gov/MARC21/slim">

  <leader>01466nem2a2200301   4500</leader>
  <controlfield tag="001">RU\NLR\BIBL_A\011785559</controlfield>
  <controlfield tag="005">20250626131759.0</controlfield>
  <datafield tag="035" ind1=" " ind2=" ">
    <subfield code="a">(NLR Aleph) 011785559</subfield>
  </datafield>
  <datafield tag="090" ind1=" " ind2=" ">
    <subfield code="a">11798817</subfield>
    <subfield code="c">11798817</subfield>
  </datafield>
  <datafield tag="100" ind1=" " ind2=" ">
    <subfield code="a">20180910d1974    |||y0rusy50      ca</subfield>
  </datafield>
  <datafield tag="101" ind1="0" ind2=" ">
    <subfield code="a">rus</subfield>
  </datafield>
  <datafield tag="102" ind1=" " ind2=" ">
    <subfield code="a">RU</subfield>
  </datafield>
  <datafield tag="120" ind1=" " ind2=" ">
    <subfield code="a">byy    xx||  </subfield>
  </datafield>
  <datafield tag="123" ind1="1" ind2=" ">
    <subfield code="a">a</subfield>
    <subfield code="b">500000</subfield>
  </datafield>
  <datafield tag="200" ind1="1" ind2=" ">
    <subfield code="a">15-01-71-10. &#x42F;&#x440;&#x43E;&#x441;&#x43B;&#x430;&#x432;&#x43B;&#x44C;</subfield>
    <subfield code="b">&#x41A;&#x430;&#x440;&#x442;&#x44B;</subfield>
    <subfield code="e">&#x421;&#x421;&#x421;&#x420; &#x420;&#x421;&#x424;&#x421;&#x420;.</subfield>
    <subfield code="f">&#x421;&#x43E;&#x441;&#x442;. &#x432; 1972 &#x433;. &#x41F;&#x43E;&#x434;&#x433;&#x43E;&#x442;. &#x438; &#x438;&#x437;&#x434;. &#x432; 1974&#x433;.</subfield>
    <subfield code="g">&#x420;&#x435;&#x434;. &#x410;. &#x411;. &#x41A;&#x438;&#x440;&#x438;&#x43B;&#x43B;&#x43E;&#x432;</subfield>
  </datafield>
  <datafield tag="206" ind1=" " ind2=" ">
    <subfield code="a">1:500000, 5 &#x43A;&#x43C; &#x432; 1 &#x441;&#x43C;</subfield>
  </datafield>
  <datafield tag="210" ind1=" " ind2=" ">
    <subfield code="a">[&#x41C;&#x43E;&#x441;&#x43A;&#x432;&#x430;</subfield>
    <subfield code="c">&#x413;&#x435;&#x43D;&#x435;&#x440;&#x430;&#x43B;&#x44C;&#x43D;&#x44B;&#x439; &#x448;&#x442;&#x430;&#x431;]</subfield>
    <subfield code="d">1974</subfield>
  </datafield>
  <datafield tag="215" ind1=" " ind2=" ">
    <subfield code="a">1&#x43A;.</subfield>
    <subfield code="c">&#x446;&#x432;.</subfield>
    <subfield code="d">110&#x445;85 &#x441;&#x43C;</subfield>
  </datafield>
  <datafield tag="300" ind1=" " ind2=" ">
    <subfield code="a">&#x412; &#x43D;&#x430;&#x434;&#x437;&#x430;&#x433;.: &#x413;&#x435;&#x43D;&#x435;&#x440;&#x430;&#x43B;&#x44C;&#x43D;&#x44B;&#x439; &#x448;&#x442;&#x430;&#x431;</subfield>
  </datafield>
  <datafield tag="461" ind1=" " ind2="0">
    <subfield code="1">001RU\NLR\BIBL_A\011795948</subfield>
    <subfield code="1">2001#$a[&#x422;&#x43E;&#x43F;&#x43E;&#x433;&#x440;&#x430;&#x444;&#x438;&#x447;&#x435;&#x441;&#x43A;&#x430;&#x44F; &#x43A;&#x430;&#x440;&#x442;&#x430; &#x43C;&#x438;&#x440;&#x430;]</subfield>
    <subfield code="9">11846948</subfield>
    <subfield code="c">[&#x41C;&#x43E;&#x441;&#x43A;&#x432;&#x430;</subfield>
    <subfield code="d">1974 - 1999</subfield>
    <subfield code="n">&#x413;&#x435;&#x43D;&#x435;&#x440;&#x430;&#x43B;&#x44C;&#x43D;&#x44B;&#x439; &#x448;&#x442;&#x430;&#x431;]</subfield>
    <subfield code="p">10 &#x43A;.</subfield>
    <subfield code="t">[&#x422;&#x43E;&#x43F;&#x43E;&#x433;&#x440;&#x430;&#x444;&#x438;&#x447;&#x435;&#x441;&#x43A;&#x430;&#x44F; &#x43A;&#x430;&#x440;&#x442;&#x430; &#x43C;&#x438;&#x440;&#x430;]: &#x41A;&#x430;&#x440;&#x442;&#x44B;</subfield>
  </datafield>
  <datafield tag="509" ind1="0" ind2="1">
    <subfield code="7">ca</subfield>
    <subfield code="a">&#x420;&#x43E;&#x441;&#x441;&#x438;&#x44F;. &#x415;&#x432;&#x440;&#x43E;&#x43F;&#x435;&#x439;&#x441;&#x43A;&#x430;&#x44F; &#x447;&#x430;&#x441;&#x442;&#x44C;</subfield>
    <subfield code="c">&#x446;&#x435;&#x43D;&#x442;&#x440;</subfield>
    <subfield code="9">2633436</subfield>
    <subfield code="3">RU\NLR\auth_crt\55258</subfield>
  </datafield>
  <datafield tag="607" ind1=" " ind2=" ">
    <subfield code="a">&#x420;&#x43E;&#x441;&#x441;&#x438;&#x44F;</subfield>
    <subfield code="j">&#x41A;&#x430;&#x440;&#x442;&#x44B;</subfield>
    <subfield code="y">&#x415;&#x432;&#x440;&#x43E;&#x43F;&#x435;&#x439;&#x441;&#x43A;&#x430;&#x44F; &#x447;&#x430;&#x441;&#x442;&#x44C;</subfield>
    <subfield code="9">2188594</subfield>
    <subfield code="3">RU\NLR\AUTH\661315754</subfield>
  </datafield>
  <datafield tag="608" ind1=" " ind2=" ">
    <subfield code="a">&#x41E;&#x431;&#x449;&#x435;&#x433;&#x435;&#x43E;&#x433;&#x440;&#x430;&#x444;&#x438;&#x447;&#x435;&#x441;&#x43A;&#x438;&#x435; &#x43A;&#x430;&#x440;&#x442;&#x44B; &#x441;&#x440;&#x435;&#x434;&#x43D;&#x435;&#x43C;&#x430;&#x441;&#x448;&#x442;&#x430;&#x431;&#x43D;&#x44B;&#x435;</subfield>
    <subfield code="9">2324579</subfield>
    <subfield code="3">RU\NLR\AUTH\661390487</subfield>
  </datafield>
  <datafield tag="702" ind1=" " ind2="1">
    <subfield code="a">&#x41A;&#x438;&#x440;&#x438;&#x43B;&#x43E;&#x432;</subfield>
    <subfield code="b">&#x410;. &#x411;.</subfield>
    <subfield code="4">340</subfield>
  </datafield>
  <datafield tag="852" ind1=" " ind2=" ">
    <subfield code="a">NLR</subfield>
    <subfield code="b">&#x41A;</subfield>
    <subfield code="j">4-&#x41C;&#x438;&#x440; 4/3879</subfield>
    <subfield code="m">84451</subfield>
  </datafield>
  <datafield tag="942" ind1=" " ind2=" ">
    <subfield code="c">MAP</subfield>
  </datafield>
  <datafield tag="980" ind1=" " ind2=" ">
    <subfield code="a">NB</subfield>
  </datafield>
  <datafield tag="995" ind1=" " ind2=" ">
    <subfield code="5">2018-09-17</subfield>
    <subfield code="b">NLR02</subfield>
    <subfield code="c">NLR02</subfield>
    <subfield code="e">MAP</subfield>
    <subfield code="f">ERR-123825</subfield>
    <subfield code="k">&#x41A; 4-&#x41C;&#x438;&#x440; 4/3879</subfield>
    <subfield code="o">0</subfield>
    <subfield code="r">MAP</subfield>
    <subfield code="s">_443879</subfield>
  </datafield>
</record>
